[Event "Baden-ch U1600 op"]
[Site "Waldshut Tiengen"]
[Date "2014.06.19"]
[Round "3"]
[White "Merz, Raphael"]
[Black "Schneider, Norbert"]
[Result "0-1"]
[WhiteElo "1719"]
[BlackElo "2069"]
[PlyCount "82"]
[EventDate "2014.06.19"]
[EventType "swiss"]
[EventRounds "7"]
[EventCountry "GER"]
[SourceTitle "EXT 2015"]
[Source "ChessBase"]
[SourceDate "2014.11.20"]
[SourceVersion "1"]
[SourceVersionDate "2014.11.20"]
[SourceQuality "1"]

1. e4 g6 2. d4 d6 3. Bc4 Nf6 4. f3 Bg7 5. Ne2 c6 6. 0-0 Be6 7. d5 cxd5 8. exd5 Qb6+ 9. Kh1 Bc8 10. Bb3 Nbd7 11. Nbc3 Nc5 12. Na4 Nxa4 13. Bxa4+ Bd7 14. Bxd7+ Nxd7 15. Rb1 Rc8 16. b3 0-0 17. c4 Qa5 18. Qd2 Qxd2 19. Bxd2 b5 20. cxb5 Rc2 21. Rfd1 Rfc8 22. Rdc1 Nb6 23. Rxc2 Rxc2 24. Rd1 Nxd5 25. Ng3 Rxa2 26. Bg5 h6 27. h3 hxg5 28. Rxd5 Ra1+ 29. Kh2 Be5 30. Rd2 f5 31. Rc2 Kf7 32. Rc8 Rb1 33. Ra8 Rxb3 34. Rxa7 Rxb5 35. Ra4 d5 36. h4 gxh4 37. Rxh4 d4 38. Rh7+ Ke6 39. Rh6 Kf6 40. Rh8 Kg5 41. Kh3 Bxh8 0-1

[Event "Mittelfranken-chTB2b 1112"]
[Site "Germany"]
[Date "2011.11.20"]
[Round "3.4"]
[White "Schneider, Norbert"]
[Black "Mueller, Maximilian1"]
[Result "0-1"]
[WhiteElo "1689"]
[BlackElo "1775"]
[PlyCount "88"]
[EventDate "2011.09.25"]
[EventType "team-tourn"]
[EventRounds "9"]
[EventCountry "GER"]
[SourceTitle "EXT 2013"]
[Source "ChessBase"]
[SourceDate "2012.11.22"]
[SourceVersion "1"]
[SourceVersionDate "2012.11.22"]
[SourceQuality "1"]
[WhiteTeam "Kirchehrenbach/Ebermannstadt"]
[BlackTeam "Buechenbach/Roth II"]
[WhiteTeamCountry "GER"]
[BlackTeamCountry "GER"]

1. d4 d5 2. Nf3 Nf6 3. c4 dxc4 4. Nc3 c6 5. a4 Be6 6. e4 Nbd7 7. Be2 h6 8. 0-0 Qc7 9. h3 a5 10. d5 cxd5 11. exd5 Bf5 12. Qd4 Rc8 13. Bf4 Qb6 14. Nb5 Qxd4 15. Nfxd4 Nxd5 16. Bg3 Bg6 17. Bf3 N7f6 18. Rfe1 Kd7 19. Rac1 e6 20. Be5 Bb4 21. Red1 Ne8 22. Na7 Ra8 23. Nab5 Bd3 24. Be2 f6 25. Bg3 e5 26. Bg4+ Ke7 27. Nf5+ Kf7 28. Bf3 Rd8 29. Bxd5+ Rxd5 30. Ne3 Rc5 31. f3 Rc6 32. Kh2 Nd6 33. Nc3 Rhc8 34. Ned5 Bc5 35. Be1 b6 36. g4 e4 37. fxe4 Nxe4 38. Kg2 Nxc3 39. Bxc3 Re8 40. Nf4 Be4+ 41. Kf1 Be3 42. Bd2 Bf3 43. Ne2 Bg5 44. Bxg5 Bxe2+ 0-1

[Event "Avoine op 22nd"]
[Site "Avoine"]
[Date "2007.07.28"]
[Round "8"]
[White "Schneider, Norbert"]
[Black "Fantin, Ludwig"]
[Result "0-1"]
[WhiteElo "1749"]
[BlackElo "2232"]
[PlyCount "136"]
[EventDate "2007.07.21"]
[EventType "swiss"]
[EventRounds "9"]
[EventCountry "FRA"]
[SourceTitle "EXT 2010"]
[Source "ChessBase"]
[SourceDate "2010.11.25"]
[SourceVersion "1"]
[SourceVersionDate "2010.11.25"]
[SourceQuality "1"]

1. e4 c5 2. Nc3 Nc6 3. g3 g6 4. Bg2 Bg7 5. d3 d6 6. Nh3 e5 7. 0-0 Nge7 8. Bg5 h6 9. Bxe7 Nxe7 10. f4 Qb6 11. Rb1 Bd7 12. Qd2 f6 13. Nf2 Bc6 14. Nfd1 0-0-0 15. Ne3 Kb8 16. b4 cxb4 17. Ncd5 Nxd5 18. exd5 Bb5 19. Kh1 exf4 20. Rxf4 a5 21. c4 Ba6 22. Rg4 Rhe8 23. Nf5 gxf5 24. Rxg7 Qe3 25. Qxe3 Rxe3 26. Bf1 f4 27. gxf4 Rf3 28. a3 bxa3 29. Rg2 b5 30. cxb5 Bb7 31. Rg3 a2 32. Ra1 Rxf4 33. Bg2 Rb4 34. Bf3 Rb1+ 35. Rg1 Rxb5 36. Rxa2 Ka7 37. Rg6 h5 38. Kg2 Rf8 39. Rg7 Kb6 40. Rd7 Kc5 41. Kf2 Rb8 42. Rc2+ Kb4 43. Rc4+ Kb3 44. Rxd6 Ra8 45. Ke3 Rb4 46. Rxb4+ axb4 47. Rb6 Ra7 48. Bd1+ Kc3 49. d6 Bd5 50. Rb5 Be6 51. Rc5+ Kb2 52. Rc7 Ra6 53. d7 Rd6 54. Ba4 b3 55. Kd2 Ka3 56. Ra7 Kb4 57. Bc6 b2 58. Be4 Rxd7 59. Rxd7 Bxd7 60. Kc2 Ka3 61. Bd5 Bf5 62. Bc4 h4 63. Kb1 Bg6 64. Ba6 Kb3 65. Bb5 Kc3 66. Ba6 f5 67. Bb7 f4 68. Be4 f3 0-1

[Event "Mittelfranken-chT 0405"]
[Site "Germany"]
[Date "2005.01.23"]
[Round "5.6"]
[White "Schneider, Norbert"]
[Black "Zach, Andreas"]
[Result "1/2-1/2"]
[WhiteElo "1763"]
[BlackElo "1911"]
[PlyCount "55"]
[EventDate "2004.10.17"]
[EventType "team-tourn"]
[EventRounds "9"]
[EventCountry "GER"]
[SourceTitle "EXT 2007"]
[Source "ChessBase"]
[SourceDate "2006.11.23"]
[SourceVersion "1"]
[SourceVersionDate "2006.11.23"]
[SourceQuality "1"]

1. Nf3 d5 2. d4 Nf6 3. c4 e6 4. Nc3 Be7 5. Bg5 Nbd7 6. e3 0-0 7. c5 Ne8 8. Bf4 c6 9. Bd3 b6 10. b4 a5 11. a3 Bb7 12. 0-0 Bf6 13. Qc2 g6 14. Ne2 Qe7 15. Rab1 axb4 16. axb4 b5 17. Ra1 e5 18. dxe5 Nxe5 19. Nxe5 Bxe5 20. Rxa8 Bxa8 21. Bxe5 Qxe5 22. Nd4 Ng7 23. Nf3 Qf6 24. h3 Bb7 25. Rd1 Ne6 26. Qd2 Rd8 27. Bf1 Ra8 28. Nd4 1/2-1/2